we'll Be Fine - EPIC The Musical - Statistiques

Statistiques générales
  • Ce quiz a été pris 26 fois
  • Le résultat moyen est 172 sur 196
Statistiques - réponses
Hint Réponse % Correct
a
100%
an
100%
and
100%
And
100%
be
100%
don't
100%
friend
100%
friend,
100%
good
100%
had
100%
he
100%
Athena I
100%
kid
100%
like
100%
lot
100%
Telemachus Thanks
100%
then
100%
was
100%
you
100%
your
100%
you're
100%
Athena You're
100%
before
94%
best
94%
but
94%
'cause
94%
day
94%
didn't
94%
die
94%
fight
94%
fine
94%
for
94%
is
94%
I've
94%
know
94%
life
94%
maybe
94%
Telemachus/Athena Maybe
94%
my
94%
never
94%
of
94%
so
94%
the
94%
Telemachus to
94%
we
94%
we'll
94%
what
94%
who
94%
apart
89%
as
89%
ask
89%
at
89%
Telemachus Athena,
89%
been
89%
could
89%
couldn't
89%
got
89%
he's
89%
if
89%
in
89%
mine
89%
more
89%
splendid
89%
that
89%
time
89%
with
89%
dark
83%
he'll
83%
help
83%
his
83%
it
83%
night
83%
sleep
83%
soul
83%
strong
83%
think
83%
demons
78%
different
78%
felt
78%
grew
78%
has
78%
he'd
78%
him
78%
mind
78%
not
78%
other
78%
reach
78%
too
78%
war,
78%
call
72%
goal
72%
helped
72%
it's
72%
light
72%
made
72%
thought
72%
went
72%
I'd
67%
wasn't
67%
way
67%
we'd
67%
all
61%
bright
61%
fall
61%
find
61%
through
61%
great
56%
hadn't
56%
learn
56%
missed
56%
planned
56%
spent
56%
you'll
56%
turn
50%
gonna
44%
unwind
44%
hand
39%
out
39%
lend
33%
Aucun quiz correspondant
Distribution des résultats
% des personnes avec chaque résultat
Percentile par nombre de réponses
Votre historique - résultats
Vous n’avez pas pris ce quiz